Obrázky z pražské architektury

Saved in:
Bibliographic Details
Main Author: Sedláková, Radomíra, 1950- (Author)
Format: Book
Published: Praha : Existencialia, 2000
Subjects:
Tags: Add Tag
No Tags, Be the first to tag this record!

MARC

LEADER 00000nam a22000003a 4500
001 stu138168
005 20150617225920.9
008 070221s2000----------------------------d
040 |a STU  |b slo 
041 0
100 1 |a Sedláková, Radomíra,  |d 1950-  |4 aut  |u A0980  |9 100  |U FA Dekanát  |T FA Externí pracovníci  |X 5060  |U A0980  |Y 552  |7 A000005060 
245 1 |a Obrázky z pražské architektury 
260 |a Praha :  |b Existencialia,  |c 2000 
300 |a 155 s 
650 7 |a Praha  |2 stusub 
650 7 |a architektúra česká  |2 stusub 
996 |b 284AU03436  |c A*5242 U  |l AAKNAR  |s A  |a 24  |w stu138168_0001